000 00554nam a2200181Ia 4500
005 20250508164903.0
008 008 250505s9999 xx 000 0 eng d
037 _aDissertations
040 _aFEDL
_beng
_cFEDL
041 _aeng
_2eng
084 _a420.7, JON/DI
_qFEDL
100 _aJoneja Rohit
_9779434
245 0 _aDeveloping adjunctive english language programmes for learners at the +2 level
260 _c2002
546 _aM.Ed. Dissertation (Delhi University)
942 _cDIS
_h420.7, JON/DI
999 _c1391809
_d1391809